000 00818nam a2200217 a 4500
001 BRCA_461
005 20190320203024.0
008 020805r1980----us-a---###---#000-0#eng-d
020 _a051700190x
050 4 _aNK1127.5
_b.S93 1990
245 1 0 _aThe Care and Repair of Antiques.
260 _aNueva York
_bCrescent Books
_c1990
300 _a188 p.
_bil. (algunas a color)
_c24 cm.
500 _aIncluye índice
500 _aSubtítulo de la cubierta : a comprehensive fully illustrated guide to the care and repair of almost any antique
650 1 4 _aAntigüedades
_xConservación y restauración
_91586
650 1 4 _aMobiliario
_xConservación y restauración
_91587
650 1 4 _aCerámica china
_xConservación y restauración
_91588
650 1 4 _aTapetes
_xConservación y restauración
_91589
942 _2lcc
_cB
999 _c396
_d396